Manufacturing Processes for Engineering Materials / (Record no. 564572)

000 -LEADER
fixed length control field 00400nam a2200133Ia 4500
008 - FIXED-LENGTH DATA ELEMENTS--GENERAL INFORMATION
fixed length control field 210430s9999 xx 000 0 und d
082 ## - DEWEY DECIMAL CLASSIFICATION NUMBER
Classification number 670 K141 M
100 ## - MAIN ENTRY--PERSONAL NAME
Personal name Steven R.Schmid, Serope Kalpakjin
9 (RLIN) 127768
245 ## - TITLE STATEMENT
Title Manufacturing Processes for Engineering Materials /
Statement of responsibility, etc. Steven R.Schmid
250 ## - EDITION STATEMENT
Edition statement 4th edition
260 ## - PUBLICATION, DISTRIBUTION, ETC.
Place of publication, distribution, etc. India
Name of publisher, distributor, etc. Serope Kalpakjian
Date of publication, distribution, etc. 2009
300 ## - PHYSICAL DESCRIPTION
Extent 954p
942 ## - ADDED ENTRY ELEMENTS (KOHA)
Koha item type Book
Source of classification or shelving scheme
Holdings
Withdrawn status Lost status Damaged status Not for loan Collection code Permanent Location Current Location Shelving location Date acquired Total Checkouts Full call number Barcode Date last seen Price effective from Koha item type
          School of Chemical & Materials Engineering (SCME) School of Chemical & Materials Engineering (SCME) General Stacks     670 K141 M SCME-3791 04/30/2021 04/30/2021 Reference
© 2023 Central Library, National University of Sciences and Technology. All Rights Reserved.